• 首页
  • 本馆介绍
  • 公告通知
  • 最新文献
  • 馆藏检索
  • 电子资源
  • 读者导购
  • 参考咨询
  • 我的图书馆
  • 登录
  • 详细信息显示
  • 放入我的书架
  • 预约/预借图书
  • 作者相关作品
  • 分类相关作品
  • 丛书相关作品
  • 出版社相关作品

书目信息

  • 表格格式
  • 工作单格式
  • 卡片格式
题名:
物理学(初稿)
    
 
作者: 周绮芸 著
分册:  
出版信息: 北京   北京农业大学出版社  1981.02
页数: 273页
开本: 25cm
丛书名:
单 册:
中图分类: O44
科图分类:
主题词: 电磁学 , 电动力学
电子资源:
ISBN:
000 00646nam0 2200217 450
001 0835460891
005 20081103100635.55
010    @dCNY2.20
100    @a20081103d1981 km y0chiy0120 ea
101 0  @achi
102    @aCN@b110000
200 1  @a物理学(初稿)@Awu li xue(chu gao)@e适用于农、牧各专业@f周绮芸著@Fzhou qi yun zhu
210    @a北京@c北京农业大学出版社@d1981.02
215    @a273页@d25cm
517 1  @a适用于农、牧各专业@Ashi yong yu nong、mu ge zhuan ye
606 0  @a电磁学
606 0  @a电动力学
690    @aO44@v4
701  0 @a周绮芸@Azhou qi yun@4著
801  0 @aCN@b大连网信软件有限公司图书馆·11@c20081103
905    @aBZT@dO44@e1
    
    物理学(初稿):适用于农、牧各专业/周绮芸著.-北京:北京农业大学出版社,1981.02
    273页;25cm
    
    
    ISBN :CNY2.20
    
●
相关链接 在五车中查询图书 在当当中查询图书 在豆瓣中查询图书


正题名:物理学(初稿)     索取号:O44/1         预约/预借

序号 登录号 条形码 馆藏地/架位号 状态 备注
1 023871   201208610   中心书库北库/ 北库021架B面4列4层12/ [索取号:O44/1] 在馆    
山东省滨州职业学院图书馆 欢迎您!
大连网信软件有限公司© 版权所有